Statistiques concernant Les plus grandes villes françaises sur la Méditerranée

Cliquez ici pour prendre le quiz!

Statistiques générales

  • Ce quiz a été pris 372 fois
  • Le résultat moyen est 13 sur 25

Statistiques - réponses

PopulationVille sur la Méditerranée% Correct
858,100Marseille
100%
343,900Nice
99%
165,600Toulon
92%
73,700Cannes
86%
56,500Hyères
71%
75,700Antibes
67%
44,100Sète
67%
28,600Menton
64%
53,500Fréjus
60%
52,900Narbonne
58%
34,600Saint-Raphaël
54%
68,600Ajaccio
48%
64,700La Seyne-sur-Mer
48%
43,300Bastia
47%
48,900Martigues
45%
26,100Agde
43%
52,700Arles
43%
35,600La Ciotat
43%
47,800Cagnes-sur-Mer
40%
22,700Mandelieu-la-Napoule
24%
29,100Saint-Laurent-du-Var
21%
33,700Six-Fours-les-Plages
20%
22,900Frontignan
15%
26,300Vallauris
11%
25,100La Garde
7%

Distribution des résultats

Percentile par nombre de réponses

% des personnes avec chaque résultat

Votre développement - résultats

Vous n’avez pas pris ce quiz